000 01259nam a2200325Ia 4500
001 ebr10073628
003 CaPaEBR
006 m u
007 cr cn|||||||||
008 030912s2004 enka sb 001 0 eng d
010 _z 2003020318
020 _z085199475X (alk. paper)
040 _aCaPaEBR
_cCaPaEBR
035 _a(OCoLC)58543155
050 1 4 _aRA644.T69
_bT785 2004eb
082 0 4 _a616.9/36301
_222
245 0 4 _aThe trypanosomiases
_h[electronic resource] /
_cedited by Ian Maudlin, Peter H. Holmes, Michael A. Miles.
260 _aWallingford, UK ;
_aCambridge, MA, USA :
_bCABI Pub.,
_cc2004.
300 _axv, 614 p. :
_bill.
504 _aIncludes bibliographical references and index.
533 _aElectronic reproduction.
_bPalo Alto, Calif. :
_cebrary,
_d2009.
_nAvailable via World Wide Web.
_nAccess may be limited to ebrary affiliated libraries.
650 0 _aTrypanosomiasis.
650 0 _aTrypanosomiasis in animals.
655 7 _aElectronic books.
_2local
700 1 _aMaudlin, Ian,
_d1943-
700 1 _aHolmes, P. H.
700 1 _aMiles, Michael A.
710 2 _aebrary, Inc.
856 4 0 _uhttp://site.ebrary.com/lib/rucke/Doc?id=10073628
_zAn electronic book accessible through the World Wide Web; click to view
999 _c45001
_d45001